Science Quiz

Random Science or Astronomy Quiz

The 'Centenary Clock' Quiz Stats

 Plays Quiz Updated Sep 23, 2018

Challenge
Share
Tweet
Score 0/12 Timer 05:00
1 Play Today
% Correct
Week
94.5%
Zodiac
93.2%
Month
92.6%
Tide
91.4%
Season
85.2%
Phase of the Moon
79.8%
Globe - 'Day' time
75.1%
Age of the Moon
72.2%
Date
68.6%
Solar
40.3%
Equation of Time
10.8%
Metonic cycle
7.2%

You're not logged in!

Compare scores with friends on all Sporcle quizzes.
OR
Log In

You Might Also Like...

Show Comments

Extras

Top Quizzes Today


Score Distribution

Your Account Isn't Verified!

In order to create a playlist on Sporcle, you need to verify the email address you used during registration. Go to your Sporcle Settings to finish the process.

Report this User

Report this user for behavior that violates our Community Guidelines.

Details: